Southville International School and Colleges
Your cart is empty.
  • Cart
  • Lists
    Public lists Eva Luna New books Lux_list list_1
    Your lists Log in to create your own lists
  • Log in to your account
  • Your cookies
  • Search history
Southville International School and Colleges
  • Advanced search
  • Recent comments
  • Most popular
  • Libraries

Log in to your account

Log in with GOOGLE


If you do not have an external account, but do have a local account, you can still log in:

  1. Home
  2. MARC view: Curriculum mapping :
Normal view MARC view ISBD view

Curriculum mapping : (Record no. 23161)

[ view plain ]
MARC details
000 -LEADER
fixed length control field 00717nam a2200217 a 4500
005 - DATE AND TIME OF LATEST TRANSACTION
control field 20140310183443.0
008 - FIXED-LENGTH DATA ELEMENTS--GENERAL INFORMATION
fixed length control field 080729s19uu xx 00 eng d
020 ## - INTERNATIONAL STANDARD BOOK NUMBER
International Standard Book Number 1412915597
050 ## - LIBRARY OF CONGRESS CALL NUMBER
Classification number LB 2806.15
Item number .G565 2007
100 ## - MAIN ENTRY--PERSONAL NAME
Personal name Glass, Kathy Tuchman
245 ## - TITLE STATEMENT
Title Curriculum mapping :
Remainder of title a step-by-step guide for creating curriculum year overviews /
Statement of responsibility, etc Kathy Tuchman Glass
260 ## - PUBLICATION, DISTRIBUTION, ETC. (IMPRINT)
Place of publication, distribution, etc Thousand Oaks, California :
Name of publisher, distributor, etc Corwin Press,
Date of publication, distribution, etc 2007.
300 ## - PHYSICAL DESCRIPTION
Extent 128 p. :
Other physical details ill. ;
Dimensions 29 cm.
521 ## - TARGET AUDIENCE NOTE
Target audience note
650 ## - SUBJECT ADDED ENTRY--TOPICAL TERM
Topical term or geographic name as entry element Special education books.
650 ## - SUBJECT ADDED ENTRY--TOPICAL TERM
Topical term or geographic name as entry element Curriculum planning
650 ## - SUBJECT ADDED ENTRY--TOPICAL TERM
Topical term or geographic name as entry element Cuuriculum evaluation.
650 ## - SUBJECT ADDED ENTRY--TOPICAL TERM
Topical term or geographic name as entry element Teacher participation in curriculum planning.
942 ## - ADDED ENTRY ELEMENTS (KOHA)
Koha item type Books
Source of classification or shelving scheme Library of Congress Classification
Call number prefix Foreign
Holdings
Withdrawn status Lost status Source of classification or shelving scheme Damaged status Home library Current library Shelving location Date acquired Source of acquisition Total Checkouts Full call number Barcode Date last seen Copy number Price effective from Koha item type
    Library of Congress Classification   College Library College Library General Circulation Section 09/30/2010 Donation   LB 2806.15 .G565 2007 C9715 05/15/2018 1 10/18/2013 Books

Curriculum mapping :

APA

Glass K. T., . (2007). Curriculum mapping. Thousand Oaks, California: Corwin Press.

Chicago

Glass Kathy Tuchman, . 2007. Curriculum mapping. Thousand Oaks, California: Corwin Press.

Harvard

Glass K. T., . (2007). Curriculum mapping. Thousand Oaks, California: Corwin Press.

MLA

Glass Kathy Tuchman, . Curriculum mapping. Thousand Oaks, California: Corwin Press. 2007.

  • Place hold
  • Print
  • Cite
  • Add to your cart (remove)
  • Save record
    BIBTEX Dublin Core MARCXML MARC (non-Unicode/MARC-8) MARC (Unicode/UTF-8) MARC (Unicode/UTF-8, Standard) MODS (XML) RIS
  • More searches
    Search for this title in:
    Other Libraries (WorldCat) Other Databases (Google Scholar) Online Stores (Bookfinder.com) Open Library (openlibrary.org)

Exporting to Dublin Core...

SOUTHVILLE LIBRARY

Southville International School and Colleges Library

1281 Tropical Ave. Cor. Luxembourg St., BF Homes International, Las Pinas City

Tel. No. 8256374 / 252358 Loc. 117/146

Powered by Koha